000 00673nam a2200217 i 4500
001 121957
003 ES-MaACL
005 20250916063050.0
007 t|
008 070214m19281929sp r ||||1| spa d
100 1 _aPosada, Adolfo,
_d1860-1944
_993316
245 1 0 _aTratado de derecho político /
_cAdolfo Posada.
250 _a4ª. ed. rev.
260 _aMadrid :
_bV. Suárez,
_c1928-29.
300 _a2 v. ;
_c20 cm.
490 1 _aBiblioteca de derecho y ciencas sociales
650 7 _aDerecho político
_2embne
_9135897
830 0 0 _aBiblioteca de derecho y de ciencias sociales
_9182270
852 _aES-MaACL
_jA-509-10
999 _c121957
_d121957